000 00917nam a2200265 i 4500
001 105814
003 ES-MaACL
005 20230906184000.0
007 t|
008 060830s1971 sp |||| | spa d
080 _a338(460)"1961/70"
080 _a330.148
100 1 _aLópez Muñoz, Arturo.
_973813
245 1 0 _aCapitalismo español: una etapa decisiva
_b: (notas sobre la economía española, 1965-1970) /
_cArturo López Muñoz.
250 _a2ª ed.
260 _aAlgorta :
_bZero,
_c1971.
300 _a346 p. ;
_c20 cm.
490 1 _aBiblioteca promoción del pueblo. Serie P. ;
_v23
650 1 4 _aCapitalismo-
_zEspaña.
_910763
651 4 _aEspaña-
_xSituación económica-
_y1955-1975.
_9171815
830 1 _aBiblioteca promoción del pueblo. Serie P. ;
_v23
_9183314
852 _aES-MaACL
_jAND-638
_z- Biblioteca Juan Andrade
852 _aES-MaACL
_jC-49036
999 _c105814
_d105814